000 00459nam a22001817a 4500
003 OSt
008 200715b ||||| |||| 00| 0 eng d
022 _a9789351648604.
082 _a615.1 SAC
100 _a Sakarkar, Dinesh. M
245 _aClassification & Questionnaires in Pharmacology
250 _a2018
260 _aNew Delhi
_bNirali
300 _aPg-15.8
650 _aPharmacy General Books
700 _aTembhurne, & Babita
942 _2ddc
_cBK
999 _c9058
_d9058